U.S. States With The Most Guns Per Capita - Statistics

General Stats
  • This quiz has been taken 83 times
  • The average score is 7 of 15
Answer Stats
Guns Per 1,000 People Answer % Correct
34 Texas
85%
33 Montana
67%
246 Wyoming
64%
40 Idaho
63%
39 Alabama
54%
38 Alaska
51%
35 Arizona
49%
40 North Dakota
48%
72 South Dakota
48%
44 Arkansas
42%
37 Nevada
40%
58 New Mexico
31%
93 West Virginia
25%
49 Virginia
21%
52 New Hampshire
7%
No matching quizzes found
Score Distribution
Percent of People with Each Score
Percentile by Number Answered
Your Score History
You have not taken this quiz